10 largest cities in South Korea - Statistics

General Stats
  • This quiz has been taken 331 times
  • The average score is 6 of 10
Answer Stats
Population Answer % Correct
10,251,297 Seoul
100%
3,548,640 Busan
97%
2,508,563 Daegu
80%
2,808,286 Incheon
80%
1,518,651 Daejeon
63%
1,466,516 Gwangju
61%
1,136,948 Ulsan
53%
1,091,733 Changwon
27%
1,098,010 Suwon
27%
979,412 Seongnam
11%
No matching quizzes found
Score Distribution
Percent of People with Each Score
Percentile by Number Answered
Your Score History
You have not taken this quiz